000 01069nam a22002537a 4500
001 7191
003 FISKH
005 20250702092729.0
008 250702b cb ||||| |||| 00| 0 eng d
040 _aFISKH
_beng
_cFISKH
_dFISKH
050 _aPZ7
082 _a649.64
100 _aAnonymous
245 _aBaby Daisy's good idea :
_bA book about feelings /
260 _aConnecticut :
_bGrolier Books,
_c1998.
300 _a10 unnumbered pages :
_bcolor illustrations ;
_c18 cm
505 _aC
520 _aBaby Daisy Duck feels a mix of emotions—happy, sad, frustrated, and excited. When she wants something but can’t have it right away, she experiments with different ways to express her feelings. With help and gentle guidance, Daisy learns that sharing her “good idea” is a kinder, more positive way to communicate. A charming and relatable introduction to emotional awareness for toddlers.
521 8 _a30
_bLexile estimate
521 8 _aC
_bRaz-Plus
650 _aBoard book
_vChildren's book
942 _2ddc
_cBK
_n0
999 _c7191
_d7191